[Event "GER Schools Cup g/7'+3\""]
[Site "Playchess.com INT"]
[Date "2004.01.23"]
[Round "4"]
[White "Beltz, Felix"]
[Black "Bubolz, Konstantin"]
[Result "1-0"]
[WhiteElo "1854"]
[BlackElo "1690"]
[PlyCount "97"]
[EventDate "2004.01.23"]
[EventType "team (blitz)"]
[EventRounds "12"]
[EventCountry "GER"]
[SourceTitle "EXT 2005"]
[Source "ChessBase"]
[SourceDate "2004.11.15"]
[SourceVersion "1"]
[SourceVersionDate "2004.11.15"]
[SourceQuality "1"]

1. e4 e6 2. d4 d5 3. e5 c5 4. c3 Qb6 5. Nf3 Nc6 6. a3 Bd7 7. Be2 cxd4 8. cxd4 Rc8 9. 0-0 Nge7 10. b4 Nf5 11. Be3 Nxe3 12. fxe3 Be7 13. Nbd2 0-0 14. Nb3 f6 15. exf6 Bxf6 16. Nc5 Rc7 17. Na4 Nxd4 18. Nxb6 Nxf3+ 19. Bxf3 axb6 20. Rc1 Rc6 21. Qd3 Rfc8 22. Rxc6 bxc6 23. Bd1 c5 24. Bc2 c4 25. Qxh7+ Kf8 26. Rxf6+ gxf6 27. Qxd7 Re8 28. Bg6 Re7 29. Qd8+ Kg7 30. Qxe7+ Kxg6 31. Qxe6 b5 32. Qxd5 f5 33. Qxb5 c3 34. Qc6+ Kg5 35. Qxc3 Kg4 36. Qf6 f4 37. h3+ Kh5 38. Qxf4 Kg6 39. g4 Kg7 40. Qd6 Kf7 41. g5 Kg7 42. Qf6+ Kh7 43. g6+ Kh6 44. g7+ Kh5 45. Qf7+ Kh6 46. e4 Kg5 47. g8Q+ Kh6 48. Qf6+ Kh5 49. Qgg6# 1-0

[Event "GER Schools Cup g/7'+3\""]
[Site "Playchess.com INT"]
[Date "2004.01.20"]
[Round "4.1"]
[White "Geiger, Florian"]
[Black "Beltz, Felix"]
[Result "0-1"]
[WhiteElo "1333"]
[BlackElo "1664"]
[PlyCount "48"]
[EventDate "2004.01.23"]
[EventType "team (blitz)"]
[EventRounds "12"]
[EventCountry "GER"]
[SourceTitle "EXT 2005"]
[Source "ChessBase"]
[SourceDate "2004.11.15"]
[SourceVersion "1"]
[SourceVersionDate "2004.11.15"]
[SourceQuality "1"]

1. d4 Nf6 2. Nf3 c5 3. Bg5 e6 4. e3 Nc6 5. Bb5 cxd4 6. Nxd4 Nxd4 7. exd4 Qa5+ 8. Nc3 a6 9. Bd3 Qxg5 10. 0-0 Bd6 11. g3 0-0 12. Qe2 Bc7 13. Rae1 b5 14. Ne4 Nxe4 15. Qxe4 Qh6 16. Qxa8 d5 17. Qc6 Bb8 18. Re2 Ba7 19. Qc7 Bxd4 20. c3 Bf6 21. Qd6 Bb7 22. Re3 Qh3 23. Rfe1 d4 24. Rxe6 Qg2# 0-1